000 00580nam a22002177a 4500
001 34465
003 BD-RjUL
005 20211209052150.0
008 140517s1997 bg a|||| |||| 000 0 eng d
020 _a9843100028
035 _a(BD-RjUL)34559
040 _aBD-RjUL
_beng
_cBD-RjUL
041 _aeng
082 _220
_a338.1095492
_bMAI 1997
100 1 _aMahmud, Anu
_9104817
245 1 0 _aInside Bangladesh economy /
_c Anu Mahmud
260 _aDhaka :
_bBIEM,
_c1997.
300 _axi,180 p. ;
_c21 cm.
650 _a Bangladesh -- Economic policy.
_982392
942 _2ddc
_cBK
999 _c34465
_d34465